MARC보기
LDR00000nam k2200205 c 4500
001000000183849
00520141111171332
007ta
008141001s2014 ulk 000ak kor
020 ▼a 9788990982544 ▼g 03830: ▼c \16800
040 ▼a 248032 ▼c 248032 ▼d 248032
0411 ▼a kor ▼h jpn
0490 ▼l EM88399
056 ▼a 833.6 ▼2 4
090 ▼a 833.6 ▼b 히12해
1001 ▼a 히가시노 게이고, ▼d 1958-
24520 ▼a 학생가의 살인 / ▼d 히가시노 게이고 지음; ▼e 김난주 옮김.
250 ▼a 초판.
260 ▼a 서울 : ▼b 재인, ▼c 2014.
300 ▼a 571 p. ; ▼c 20 cm.
50000 ▼a 히가시노 게이고의 한자명은 '東野圭吾'임
50710 ▼a 東野圭吾
50710 ▼t 學生街の殺人
653 ▼a 학생가 ▼a 살인 ▼a 일본문학 ▼a 미스터리 ▼a 일본추리소설
7001 ▼a 김난주
90011 ▼a 동야규오
9500 ▼b \16800
990 ▼a 관리자2 ▼b 관리자2